00186nam a2200073Ia 4500008004100000082001700041245003300058300002100091230907s9999||||xx |||||||||||||| ||und|| a621.433bMOD 0aModern gas turbine systems : axxi, 816 pages :